Cultura General #1 - Estadísticas

Estadísticas generales
  • Esta prueba ha sido intentada 397 veces
  • La puntuación promedio es 14 de 15
Estadísticas de respuestas
Hint Respuesta % Correcto
¿Qué animal es conocido como el 'rey de la selva'? León
100%
¿Cuál es el continente más grande? Asia
99%
¿Qué ciudad es famosa por su coliseo? Roma
98%
¿Qué planeta es conocido como 'el planeta rojo'? Marte
97%
¿Qué instrumento musical tiene 88 teclas? Piano
97%
¿Cuál es el idioma oficial de Brasil? Portugués
97%
¿Quién pintó la Mona Lisa? Leonardo Da Vinci
95%
¿Quién escribió 'El Quijote'? Miguel de Cervantes
95%
¿Qué tipo de animal es una ballena? Mamífero
93%
¿Qué animal es el símbolo nacional de Australia? Canguro
91%
¿Qué científico desarrolló la teoría de la relatividad? Albert Einstein
90%
¿Qué elemento químico tiene de símbolo 'O'? Oxígeno
90%
¿Quién fue el primer presidente de Estados Unidos? George Washington
83%
¿Qué país es conocido por su producción de chocolate? Suiza
82%
¿Quién fue el líder del movimiento de la independencia en la India? Mahatma Gandhi
76%
No se encontraron pruebas coincidentes
Distribución de puntuación
Porcentaje de gente con cada puntuación
Porcentaje por número respondido
Historial de tus puntuaciones
No has intentado esta prueba.